| 000 | 00966cac a2200277 a 4500 | ||
|---|---|---|---|
| 003 | CO-PeBPM | ||
| 005 | 20260223153106.0 | ||
| 008 | 231129s1997||||xx |||||||||||||| ||spa|| | ||
| 020 | _a8401459346 | ||
| 040 |
_aCO-PeBPM _bspa _cCO-PeBPM _erda |
||
| 041 | 0 | _aspa | |
| 082 | 0 | 4 |
_a303.483 T644cr _222 |
| 100 | 1 |
_aToffler, Alvin _eautor |
|
| 245 | 1 | 0 |
_aLa creación de una nueva civilización _b: La política de la tercera ola _c/ Alvin Toffler |
| 250 | _aSegunda edición | ||
| 260 |
_aBarcelona España _b: Editorial Plaza & Janes _c, 1997 |
||
| 264 | _a | ||
| 300 |
_a140 Páginas _c; 11 centímetros |
||
| 490 | _aTribuna ; 106/6 | ||
| 500 | _aIncluye índice | ||
| 650 | 1 | 7 |
_aCambio social -- Aspectos políticos _2LEMB |
| 650 | 1 | 7 |
_aCivilización y cultura _2LEMB |
| 650 | 1 | 7 |
_aDemocracia -- Aspectos morales y éticos _2LEMB |
| 650 | 1 | 7 |
_aParticipación política -- Aspectos jurídicos _2LEMB |
| 942 |
_2ddc _cBK |
||
| 999 |
_c16766 _d16766 |
||